Corporate governance : an institutionalist approach /

Bibliographic Details
Other Authors: Cobbaut, Robert, Lenoble, Jacques, 1950-
Format: Book
Language:English
Published: Hague ; New York : Kluwer Law International, [2003]
Subjects:

MARC

Tag First Indicator Second Indicator Subfields
LEADER 00000pam a22000004a 4500
001 in00001815331
005 20151026052201.0
008 031103s2003 ne b 000 0 eng
010 |a  2003064068 
020 |a 9041121358 (alk. paper) 
035 |a (OCoLC)ocm53369261 
040 |a DLC  |c DLC  |d YDX  |d TXA  |d UtOrBLW 
042 |a pcc 
043 |a e------ 
049 |a TXAM 
050 0 0 |a HD2741  |b .C77475 2003 
082 0 0 |a 338.6  |2 22 
245 0 0 |a Corporate governance :  |b an institutionalist approach /  |c edited by Robert Cobbaut and Jacques Lenoble. 
264 1 |a Hague ;  |a New York :  |b Kluwer Law International,  |c [2003] 
264 4 |c ©2003 
300 |a 271 pages ;  |c 25 cm. 
336 |a text  |b txt  |2 rdacontent 
337 |a unmediated  |b n  |2 rdamedia 
338 |a volume  |b nc  |2 rdacarrier 
504 |a Includes bibliographical references (pages 267-271). 
650 0 |a Corporate governance. 
650 0 |a Corporate governance  |z European Union countries  |v Case studies. 
700 1 |a Cobbaut, Robert. 
700 1 |a Lenoble, Jacques,  |d 1950- 
994 |a E0  |b TXA 
999 |a MARS 
999 f f |s 6c33fc19-8b56-3c67-b09d-aeff9b37bf72  |i e734cf9d-58f9-3e86-9e74-ca28b1742c38  |t 0 
952 f f |p ric  |a Texas A&M University  |b Rellis Campus  |c Joint Library Facility  |d Remote Storage  |t 0  |e HD2741 .C77475 2003  |h Library of Congress classification  |i unmediated -- volume  |m A14831059152 
998 f f |a HD2741 .C77475 2003  |t 0  |l Remote Storage